El héroe de Tarapacá, Teniente Coronel D. Eleuterio Ramírez. Recopilaciones históricas
Guardat en:
| Autor principal: | |
|---|---|
| Format: | Llibre |
| Idioma: | espanyol |
| Publicat: |
Santiago
Imprenta i Encuadernación Lourdes, Gálvez 750
1912
|
| Edició: | 1a. ed |
| Matèries: | |
| Etiquetes: |
Afegir etiqueta
Sense etiquetes, Sigues el primer a etiquetar aquest registre!
|
MARC
| LEADER | 00000nam a2200000 a 4500 | ||
|---|---|---|---|
| 001 | UCJ7588 | ||
| 003 | CL-VaPUC | ||
| 008 | 070124e19120000CL |||||||||||||||||spa|d | ||
| 082 | 0 | 4 | |a 983 |b GAL |2 21 |
| 100 | 0 | |a Gallardo S., Eudomilia |e author |9 516067 | |
| 245 | 1 | 3 | |a El héroe de Tarapacá, Teniente Coronel D. Eleuterio Ramírez. Recopilaciones históricas |
| 250 | |a 1a. ed | ||
| 300 | |a 180 p | ||
| 942 | |c BK | ||
| 945 | |d 20070124 00:00:00 |a rinostro | ||
| 260 | |a Santiago |b Imprenta i Encuadernación Lourdes, Gálvez 750 |c 1912 | ||
| 500 | |a Iconografía, del héroe de Tarapacá y familiares, sin indizar | ||
| 600 | 0 | 7 | |a BATALLA DE TARAPACA |2 CL-VaPUC |9 516068 |
| 600 | 0 | 7 | |a RAMIREZ, ELEUTERIO |2 CL-VaPUC |9 444841 |
| 600 | 0 | 7 | |a RAMIREZ DE HERRERA, ERCILIA |2 CL-VaPUC |9 516069 |
| 600 | 0 | 7 | |a RAMIREZ, ROSARIO |2 CL-VaPUC |9 516070 |
| 600 | 0 | 7 | |a RAMIREZ DE SALVO, AMELIA |2 CL-VaPUC |9 516071 |
| 650 | 0 | |a Guerra del Pacífico |9 314886 | |
| 650 | 7 | |a BIOGRAFIA |2 CL-VaPUC |9 504622 | |
| 650 | 0 | |a Iconografía |9 267998 | |
| 650 | 0 | |a Ilustraciones |9 369481 | |
| 650 | 0 | |a Homenajes |9 258192 | |
| 650 | 0 | |a Discursos |9 265028 | |
| 650 | 0 | |a Poesía chilena |9 268403 | |
| 650 | 7 | |a REPARAR |2 CL-VaPUC |9 505844 | |
| 651 | 7 | |a TARAPACA |2 CL-VaPUC |9 268304 | |
| 651 | 7 | |a HUARA |2 CL-VaPUC |9 330045 | |
| 651 | 7 | |a CHIU CHIU |2 CL-VaPUC |9 507602 | |
| 651 | 0 | |a Osorno |9 268936 | |
| 583 | |a last modification |c 20070124 00:00:00 |k Rodrigo Vera | ||
| 999 | |c 323635 |d 323633 | ||
| 952 | |0 0 |1 0 |4 0 |6 983_000000000000000_GAL_1912 |7 0 |8 X |9 403398 |a FDOBUD |b FDOBUD |d 2019-11-22 |i 1066447 |o 983 GAL 1912 |p 1066447 |r 2019-11-22 |w 2019-11-22 |y BK_X |k BUD | ||
| 952 | |0 0 |1 0 |4 0 |6 983_000000000000000_GAL_1912 |7 0 |8 X |9 403399 |a FDOBUD |b FDOBUD |d 2019-11-22 |i 1066455 |o 983 GAL 1912 |p 1066455 |r 2019-11-22 |w 2019-11-22 |y BK_X |k BUD | ||